000 00750nam a2200205Ia 4500
005 20230727101805.0
008 131103s9999 xx 000 0 und d
020 _a8186954368
_cRs.550.00
040 _aLoreto College
041 _aEnglish
082 _a954
_bMUK
245 4 _aThe Dawn and Dawn Society's Magazine
_b Being an organ of the Dawn Society educational movement
_cEdited by Satish Chandra Mukherjee;reprint volumes edited by Madhabendra Nath Mitra
260 _aKolkata
_bJadavpur University in collaboration with National Council of Education,Bengal
_c2008
300 _axlvi,394p
504 _aVol.X(September 1906-August 1907)
650 _aIndology
700 _aMukherjee,Satish Chandra,ed
850 _aLCLIB
942 _cBK
999 _c24623
_d75102